Welcome to the Holygrace Academy Library

Please use search bar below to get started

CBSE 100% SUCCESS SAMPLE QUESTION PAPERS SCIENCE (Record no. 804)

MARC details
000 -LEADER
fixed length control field 00374nam a22001337a 4500
020 ## - INTERNATIONAL STANDARD BOOK NUMBER
ISBN 91-7313-681-5
082 ## - DEWEY DECIMAL CLASSIFICATION NUMBER
Classification number 500
Item number SIN/C
100 ## - MAIN ENTRY--AUTHOR NAME
Personal name PRADEEP & JATINDER
245 ## - TITLE STATEMENT
Title CBSE 100% SUCCESS SAMPLE QUESTION PAPERS SCIENCE
Remainder of title CLASS X
260 ## - PUBLICATION, DISTRIBUTION, ETC. (IMPRINT)
Place of publication DELHI
Name of publisher EVERGREEN PUBLICATIONS
Year of publication 2014
300 ## - PHYSICAL DESCRIPTION
Number of Pages 248
650 ## - SUBJECT ADDED ENTRY--TOPICAL TERM
Topical Term SCIENCE SAMPLE QUESTION PAPERS FOR CLASS X
Geographic subdivision INDIA
942 ## - ADDED ENTRY ELEMENTS (KOHA)
Koha item type Books
Holdings
Withdrawn status Lost status Collection code Home library Current library Shelving location Date acquired Source of acquisition Cost, normal purchase price Full call number Accession Number Koha item type
    Reference Main Library Main Library SHELF-8 D CLASS X-SCIENCE 17/05/2017 purchase 120.00 500 SIN/C 07755 Books